The way things work / (Record no. 103590)

MARC details
000 -LEADER
campo de control de longitud fija 01530cam a2200385 a 4500
001 - NÚMERO DE CONTROL
campo de control 97495
005 - FECHA Y HORA DE LA ÚLTIMA TRANSACCIÓN
campo de control 20230410143536.0
008 - DATOS DE LONGITUD FIJA--INFORMACIÓN GENERAL
campo de control de longitud fija 880422s1988 maua 001 0 eng
010 ## - NÚMERO DE CONTROL DE LA BIBLIOTECA DEL CONGRESO
Número de control de LC 88011270
035 ## - NÚMERO DE CONTROL DEL SISTEMA
Número de control de sistema (OCoLC)ocm17917341
040 ## - FUENTE DE CATALOGACIÓN
Centro catalogador/agencia de origen DLC
Centro/agencia transcriptor DLC
Centro/agencia modificador KWS
-- WRS
-- UBA
-- CVM
-- BTCTA
-- YDXCP
-- TBS
-- KAAUA
020 ## - NÚMERO INTERNACIONAL ESTÁNDAR DEL LIBRO
Número Internacional Estándar del Libro 0395428572
020 ## - NÚMERO INTERNACIONAL ESTÁNDAR DEL LIBRO
Número Internacional Estándar del Libro 9780395428573
020 ## - NÚMERO INTERNACIONAL ESTÁNDAR DEL LIBRO
Número Internacional Estándar del Libro 0590429892
020 ## - NÚMERO INTERNACIONAL ESTÁNDAR DEL LIBRO
Número Internacional Estándar del Libro 9780590429894
050 14 - SIGNATURA TOPOGRÁFICA DE LA BIBLIOTECA DEL CONGRESO
Número de clasificación T 47
Número de ítem M117w 1988
082 00 - NÚMERO DE LA CLASIFICACIÓN DECIMAL DEWEY
Número de clasificación 600
049 ## - FONDOS LOCALES (OCLC)
Biblioteca depositaria GRAL
100 1# - ENTRADA PRINCIPAL--NOMBRE DE PERSONA
Nombre de persona Macaulay, David.
245 14 - MENCIÓN DEL TÍTULO
Título The way things work /
Mención de responsabilidad, etc. David Macaulay.
260 ## - PUBLICACIÓN, DISTRIBUCIÓN, ETC.
Lugar de publicación, distribución, etc. Boston, MA :
Nombre del editor, distribuidor, etc. Houghton Mifflin Company,
Fecha de publicación, distribución, etc. 1988.
300 ## - DESCRIPCIÓN FÍSICA
Extensión 384 p. :
Otras características físicas col. ill. ;
Dimensiones 29 cm.
500 ## - NOTA GENERAL
Nota general Includes index.
520 ## - RESUMEN, ETC.
Sumario, etc. Text and numerous detailed illustrations introduce and explain the scientific principles and workings of hundreds of machines including a lawn sprinkler, pneumatic drill, electric guitar, and a smoke detector.
505 0# - NOTA DE CONTENIDO CON FORMATO
Nota de contenido con formato The mechanics of movement -- Harnessing the elements -- Working with waves -- Electricity and automation.
650 #0 - PUNTO DE ACCESO ADICIONAL DE MATERIA--TÉRMINO DE MATERIA
Término de materia o nombre geográfico como elemento de entrada Technology
Subdivisión de forma Popular works.
650 #0 - PUNTO DE ACCESO ADICIONAL DE MATERIA--TÉRMINO DE MATERIA
Término de materia o nombre geográfico como elemento de entrada Technology.
650 #4 - PUNTO DE ACCESO ADICIONAL DE MATERIA--TÉRMINO DE MATERIA
Término de materia o nombre geográfico como elemento de entrada Tecnología.
856 42 - LOCALIZACIÓN Y ACCESO ELECTRÓNICOS
Materiales especificados Publisher description
Identificador Uniforme de Recursos <a href="http://catdir.loc.gov/catdir/enhancements/fy0728/88011270-d.html">http://catdir.loc.gov/catdir/enhancements/fy0728/88011270-d.html</a>
856 42 - LOCALIZACIÓN Y ACCESO ELECTRÓNICOS
Materiales especificados Contributor biographical information
Identificador Uniforme de Recursos <a href="http://catdir.loc.gov/catdir/enhancements/fy0736/88011270-b.html">http://catdir.loc.gov/catdir/enhancements/fy0736/88011270-b.html</a>
938 ## -
-- Baker and Taylor
-- BTCP
-- 88011270
938 ## -
-- YBP Library Services
-- YANK
-- 502899
942 ## - ELEMENTOS DE ENTRADA SECUNDARIOS (KOHA)
Fuente del sistema de clasificación o colocación Clasificación de Library of Congress
Tipo de ítem Koha
994 ## -
-- C0
-- DRFGD
Holdings
Estatus retirado Estado de pérdida Fuente del sistema de clasificación o colocación Estado de daño No para préstamo Colección Biblioteca de origen Biblioteca actual Ubicación en estantería Fecha de adquisición Signatura topográfica completa Código de barras Visto por última vez Copia número Tipo de ítem Koha
    Clasificación de Library of Congress     Colección de Tecnología Biblioteca Juan Bosch Biblioteca Juan Bosch Humanidades (4to. Piso) 10/04/2023 T 47 M117w 1988 00000090841 21/01/2019 1